| 000 | 00479nam a2200205Ia 4500 | ||
|---|---|---|---|
| 008 | 170918s9999 xx 000 0 und d | ||
| 020 | _a9780439267072 | ||
| 050 | _bM398 2002 | ||
| 100 | _aMasoff, Joy | ||
| 245 | _aEverest / | ||
| 245 | _cby Joy Masoff. | ||
| 260 | _aNew York : | ||
| 260 | _bScholastic, | ||
| 260 | _c2002 | ||
| 300 | _a48 pages : | ||
| 300 | _bcolored illustration ; | ||
| 300 | _c23cm. | ||
| 440 | _aScholastic history readers. | ||
| 500 | _a850 | ||
| 999 |
_c342778 _d342778 |
||